000 00946nam a2200265Ia 4500
003 OSt
005 20221005105545.0
006 a|||||r|||| 00| 0
007 ta
008 221004b |||||||| |||| 00| 0 hin d
020 _a9789386439017 (hbk)
_cINR 450.00
024 _a37023
037 _b378, 10/03/2018, Eastern Book Linkers
_cTextual
040 _aCRL
_cCRL
_bhin
041 _2hin
_ahin
082 _aQ2:415, 152Q7
100 _aसक्सेना, सी. पी., ले.
245 0 _aविश्व और मूर्तिपूजा
246 _aVishva aur mūrtipūjā
260 _aनई दिल्ली
_bराधा पब्लिकेशन्स भारत
_c2017
300 _a240पृ0
_ccm.
650 _aधर्म
942 _hQ2:415, 152Q7
_cTEXL
_2cc
999 _c1016162
_d1016162